Southville International School and Colleges
Your cart is empty.
  • Cart
  • Lists
    Public lists Eva Luna New books Lux_list list_1
    Your lists Log in to create your own lists
  • Log in to your account
  • Your cookies
  • Search history
Southville International School and Colleges
  • Advanced search
  • Recent comments
  • Most popular
  • Libraries

Log in to your account

Log in with GOOGLE


If you do not have an external account, but do have a local account, you can still log in:

  1. Home
  2. MARC view: Primary english teaching theory and practice /
Normal view MARC view ISBD view

Primary english teaching theory and practice / (Record no. 314096)

[ view plain ]
MARC details
000 -LEADER
fixed length control field 00830nam a22002895a 4500
001 - CONTROL NUMBER
control field 17169440
003 - CONTROL NUMBER IDENTIFIER
control field LC
005 - DATE AND TIME OF LATEST TRANSACTION
control field 20170223145249.0
008 - FIXED-LENGTH DATA ELEMENTS--GENERAL INFORMATION
fixed length control field 120217s2012 cau 000 0 eng
010 ## - LIBRARY OF CONGRESS CONTROL NUMBER
LC control number 2012933571
020 ## - INTERNATIONAL STANDARD BOOK NUMBER
International Standard Book Number 9781446295229
040 ## - CATALOGING SOURCE
Original cataloging agency DLC
Transcribing agency DLC
042 ## - AUTHENTICATION CODE
Authentication code pcc
050 ## - LIBRARY OF CONGRESS CALL NUMBER
Classification number LB 1576 M493 2014
100 1# - MAIN ENTRY--PERSONAL NAME
Personal name Medwell, Jane.
245 10 - TITLE STATEMENT
Title Primary english teaching theory and practice /
Statement of responsibility, etc Jane Medwell, David Wray, Hilary Minns.
250 ## - EDITION STATEMENT
Edition statement 6th ed.
260 ## - PUBLICATION, DISTRIBUTION, ETC. (IMPRINT)
Place of publication, distribution, etc Thousand Oaks, CA :
Name of publisher, distributor, etc Sage Publications,
Date of publication, distribution, etc 2014.
263 ## - PROJECTED PUBLICATION DATE
Projected publication date 1205
300 ## - PHYSICAL DESCRIPTION
Extent p. cm.
650 ## - SUBJECT ADDED ENTRY--TOPICAL TERM
Topical term or geographic name as entry element English language
General subdivision study and teaching (elementary)
700 ## - ADDED ENTRY--PERSONAL NAME
Personal name Coates, Elizabeth
700 ## - ADDED ENTRY--PERSONAL NAME
Personal name Griffiths, Vivienne
906 ## - LOCAL DATA ELEMENT F, LDF (RLIN)
a 0
b ibc
c orignew
d 2
e epcn
f 20
g y-gencatlg
942 ## - ADDED ENTRY ELEMENTS (KOHA)
Source of classification or shelving scheme Library of Congress Classification
Koha item type Books
Holdings
Withdrawn status Lost status Source of classification or shelving scheme Damaged status Home library Current library Shelving location Date acquired Source of acquisition Sub Shelving location Total Checkouts Full call number Barcode Date last seen Price effective from Koha item type
    Library of Congress Classification   Luxembourg Library Luxembourg Library Teachers Reference Section 02/23/2017 Library Fund     LB 1576 M493 2014 20396 02/23/2017 02/23/2017 Books

Primary english teaching theory and practice /

APA

Medwell J., Coates E. & Griffiths V. (2014). Primary english teaching theory and practice. Thousand Oaks, CA: Sage Publications.

Chicago

Medwell Jane, Coates Elizabeth and Griffiths Vivienne. 2014. Primary english teaching theory and practice. Thousand Oaks, CA: Sage Publications.

Harvard

Medwell J., Coates E. and Griffiths V. (2014). Primary english teaching theory and practice. Thousand Oaks, CA: Sage Publications.

MLA

Medwell Jane, Coates Elizabeth and Griffiths Vivienne. Primary english teaching theory and practice. Thousand Oaks, CA: Sage Publications. 2014.

  • Place hold
  • Print
  • Cite
  • Add to your cart (remove)
  • Save record
    BIBTEX Dublin Core MARCXML MARC (non-Unicode/MARC-8) MARC (Unicode/UTF-8) MARC (Unicode/UTF-8, Standard) MODS (XML) RIS
  • More searches
    Search for this title in:
    Other Libraries (WorldCat) Other Databases (Google Scholar) Online Stores (Bookfinder.com) Open Library (openlibrary.org)

Exporting to Dublin Core...

SOUTHVILLE LIBRARY

Southville International School and Colleges Library

1281 Tropical Ave. Cor. Luxembourg St., BF Homes International, Las Pinas City

Tel. No. 8256374 / 252358 Loc. 117/146

Powered by Koha